01450nam a2200373 i 4500001000700000003000800007005001700015006001900032007001500051008004100066020002700107035002200134040003100156050002100187080001300208082001500221100003900236245014500275264003600420300004100456336003100497337003300528338004300561500002200604504002800626588008300654590016200737650002200899650002800921655002700949797001800976856006300994999001901057119156FINmELB20241217175027.0m o d | cr cnu||||||||211230s2018 cl ob 001 0 spa d a9789567943876q(print) a(OCoLC)1298601606 aFINmELBbspaerdacFINmELB 4aRD540bA853 2018 a-056.25704a617.432231 aAstete Arriagada, Gabriel,eautor.10aCirugía bariátrica, cirugía de la obesidad :bNo es solo bajar de peso, es un cambio en el estilo de vida /cGabriel Astete Arriagada. 1aChile :bEdiciones UCSC,c2018. a1 recurso en línea (208 páginas) atextobtxt2rdacontent/spa acomputadorabc2rdamedia/spa arecurso en líneabcr2rdacarrier/spa aIncluye índice. aIncluye bibliografía. aDescripción basada en metadatos suministrados por el editor y otras fuentes. aRecurso electrónico. Santa Fe, Arg.: elibro, 2021. Disponible vía World Wide Web. El acceso puede estar limitado para las bibliotecas afiliadas a elibro. 0aObesityxSurgery. 4aCirugía bariátrica. 4aLibros electrónicos.2 aelibro, Corp.40uhttps://elibro.net/ereader/politecnicointernacional/196178 c119156d119156